ნორმალური ფორმატი
MARC ფორმატი
ჩანაწერი Personal Name
ჩანაწერთა რაოდენობა, რომელიც გამოყენებულია: 3
001 - CONTROL NUMBER
- control field: 9815
003 - CONTROL NUMBER IDENTIFIER
- control field: GE_BSU
005 - DATE AND TIME OF LATEST TRANSACTION
- control field: 20201201233831.0
008 - FIXED-LENGTH DATA ELEMENTS
- fixed length control field: 201201|| aca||aabn | a|a d
040 ## - CATALOGING SOURCE
- Original cataloging agency: GE_BSU
- Transcribing agency: GE_BSU
100 ## - HEADING--PERSONAL NAME
- Personal name: გოგებაშვილი, იაკობ (1840-1912)
670 ## - SOURCE DATA FOUND
- Source citation: Work cat.: (GE_BSU)53395: გოგებაშვილი, იაკობ (1840-1912), დედა ენა. ნაწ. 2 : საკითხავი წიგნი :
